| 000 | 00702nam a2200205 a 4500 | ||
|---|---|---|---|
| 005 | 20241113063720.0 | ||
| 008 | 991125s1967 es 000 0 spa u | ||
| 035 | _aUPN01000044936 | ||
| 049 | _aCG | ||
| 050 | 4 |
_aLB3405 _bT8.6 |
|
| 100 | 1 |
_aTurner, Clair Elsmere, _d1890-1974 _931274 |
|
| 245 | 1 | 0 |
_aPlaneamiento de la educación sanitaria en las escuelas / _cestudio realizado por C. E. Turner. |
| 260 |
_aBarcelona, Esp. ; _aParís : _bTeide : _bUNESCO, _c1967. |
||
| 300 | _a190 p. | ||
| 440 | 0 |
_aUNESCO. _pProgramas y métodos de enseñanza ; _v2 |
|
| 650 | 4 |
_aEducación para la salud _95249 |
|
| 650 | 4 |
_aHigiene _xEstudio y enseñanza _921853 |
|
| 650 | 4 |
_aHigiene escolar _915543 |
|
| 905 | _aLibro | ||
| 999 |
_c44936 _d44936 |
||